[Event "Munich Youngsters IM Challenge"]
[Site "Munich"]
[Date "2023.10.13"]
[Round "9"]
[White "Mattenberger, Matthias"]
[Black "Reich, Thomas"]
[Result "1/2-1/2"]
[WhiteElo "2293"]
[BlackElo "2329"]
[PlyCount "174"]
[EventDate "2023.10.08"]
[EventType "team-tourn"]
[EventRounds "9"]
[EventCountry "GER"]
[SourceTitle "Mega2024 Update 01"]
[Source "Chessbase"]
[SourceDate "2023.11.12"]
[SourceVersion "1"]
[SourceVersionDate "2023.11.12"]
[SourceQuality "1"]
[WhiteTeam "Challenger III"]
[BlackTeam "Meister"]
[WhiteTeamCountry "SUI"]
[BlackTeamCountry "GER"]

1. d4 Nf6 2. c4 d6 3. Nc3 Bf5 4. g3 g6 5. Bg2 Nc6 6. d5 Nb8 7. e4 Bc8 8. Nge2 Bg7 9. 0-0 0-0 10. h3 a6 11. Be3 c5 12. f4 Nbd7 13. Qd3 b5 14. b3 Rb8 15. Rab1 Nb6 16. cxb5 axb5 17. Nxb5 Ba6 18. a4 Ne8 19. Nec3 Nc7 20. Rfc1 Qd7 21. Bf1 f5 22. Kh2 Nxb5 23. Nxb5 fxe4 24. Qxe4 Bb7 25. Bc4 Nxc4 26. Qxc4 Bc8 27. Qf1 Ba6 28. b4 Rxb5 29. axb5 Bxb5 30. Qf2 Bd3 31. bxc5 Bxb1 32. Rxb1 dxc5 33. Qa2 c4 34. Qxc4 Rc8 35. Qe4 Qf5 36. Qxf5 gxf5 37. Kg2 Rc3 38. Kf2 Rd3 39. Rb5 Kf7 40. Ke2 Ra3 41. Rb7 Ra2+ 42. Kf3 Kf8 43. Bc5 Bf6 44. d6 exd6 45. Bxd6+ Kg8 46. Be7 Bd4 47. g4 Ra7 48. Rb8+ Kf7 49. Bb4 fxg4+ 50. hxg4 Ra4 51. Rb7+ Kg8 52. Bd6 Ra7 53. Rb4 Bc3 54. Rb3 Rd7 55. Bc5 Ba1 56. Ke4 Bg7 57. Rb6 Kf7 58. Bd6 Ra7 59. Rb5 Ra4+ 60. Kf5 Ra7 61. g5 Rd7 62. Rb6 Bd4 63. Rc6 Rb7 64. Bc7 Rb5+ 65. Kg4 Rc5 66. Rxc5 Bxc5 67. Kh5 Be3 68. Kh6 Kg8 69. Be5 Bd2 70. f5 Bc1 71. Kh5 Kf7 72. Bf6 Bd2 73. Bd8 Bc1 74. Bc7 Bd2 75. Kg4 Bc1 76. Bf4 Bb2 77. Kh5 Bc3 78. Kh6 Kg8 79. Be3 Bg7+ 80. Kh5 Kf7 81. Bf4 Bf8 82. Be5 Kg8 83. g6 hxg6+ 84. Kxg6 Be7 85. Bf6 Bc5 86. Bg5 Bd4 87. f6 Bxf6 1/2-1/2

[Event "AUT-chT2W 2223"]
[Site "Austria"]
[Date "2023.04.23"]
[Round "11.5"]
[White "Reich, Thomas"]
[Black "Besner, Bernhard"]
[Result "1/2-1/2"]
[WhiteElo "2357"]
[BlackElo "2135"]
[PlyCount "65"]
[EventDate "2022.09.23"]
[EventType "team-tourn"]
[EventRounds "11"]
[EventCountry "AUT"]
[SourceTitle "EXT 2024"]
[Source "ChessBase"]
[SourceDate "2023.10.10"]
[SourceVersion "1"]
[SourceVersionDate "2023.10.10"]
[SourceQuality "1"]
[WhiteTeam "Jenbach II"]
[BlackTeam "Salzburg ASK"]
[WhiteTeamCountry "AUT"]
[BlackTeamCountry "AUT"]

1. d4 d5 2. Bf4 Nf6 3. Nc3 a6 4. e3 Bf5 5. f3 e6 6. g4 Bg6 7. h4 h6 8. Bd3 Bxd3 9. cxd3 Bd6 10. Nge2 Nc6 11. Qd2 e5 12. dxe5 Nxe5 13. Bxe5 Bxe5 14. d4 Bd6 15. 0-0-0 Bb4 16. Qd3 Qd7 17. Kb1 0-0-0 18. Rc1 Kb8 19. Ng3 g6 20. g5 Ng8 21. Nce2 Ne7 22. a3 Bd6 23. f4 Qb5 24. Qxb5 axb5 25. Rcf1 Rde8 26. Kc2 Nc6 27. Kd3 Na5 28. Nc3 Nc4 29. Nd1 Re6 30. gxh6 Rxh6 31. Rh3 Re8 32. Rfh1 Reh8 33. R1h2 1/2-1/2

[Event "Tirol Landesliga 2223"]
[Site "Austria"]
[Date "2023.02.11"]
[Round "5.1"]
[White "Schiestl, Josef"]
[Black "Reich, Thomas"]
[Result "0-1"]
[WhiteElo "2123"]
[BlackElo "2346"]
[PlyCount "48"]
[EventDate "2022.10.01"]
[EventType "team-tourn"]
[EventRounds "9"]
[EventCountry "AUT"]
[SourceTitle "EXT 2024"]
[Source "ChessBase"]
[SourceDate "2023.10.10"]
[SourceVersion "1"]
[SourceVersionDate "2023.10.10"]
[SourceQuality "1"]
[WhiteTeam "Fuegen/Mayrhofen/Zillertal"]
[BlackTeam "Jenbach"]
[WhiteTeamCountry "AUT"]
[BlackTeamCountry "AUT"]

1. e4 d6 2. d4 Nf6 3. Nc3 g6 4. f4 Bg7 5. Nf3 c5 6. dxc5 Qa5 7. Bd3 Qxc5 8. Qe2 0-0 9. Be3 Qa5 10. 0-0 Nc6 11. h3 Bd7 12. Qd2 Rfc8 13. a3 Qd8 14. Rad1 Be8 15. Ne2 Nd7 16. c3 Na5 17. Qe1 Qc7 18. Nd2 Nb6 19. Nd4 Nbc4 20. Nxc4 Nxc4 21. Bc1 Ba4 22. Nc2 Nxb2 23. Bxb2 Qb6+ 24. Rf2 Qxb2 0-1

[Event "AUT-chT2W 2223"]
[Site "Austria"]
[Date "2022.11.12"]
[Round "4.2"]
[White "Reich, Thomas"]
[Black "Kunin, Vitaly L"]
[Result "0-1"]
[WhiteElo "2357"]
[BlackElo "2508"]
[PlyCount "144"]
[EventDate "2022.09.23"]
[EventType "team-tourn"]
[EventRounds "11"]
[EventCountry "AUT"]
[SourceTitle "CBM 213 Extra"]
[Source "ChessBase"]
[SourceDate "2023.05.31"]
[SourceVersion "1"]
[SourceVersionDate "2023.05.31"]
[SourceQuality "1"]
[WhiteTeam "Jenbach II"]
[BlackTeam "Bregenz"]
[WhiteTeamCountry "AUT"]
[BlackTeamCountry "AUT"]

1. e4 c5 2. c3 Nf6 3. e5 Nd5 4. d4 cxd4 5. Nf3 e6 6. cxd4 b6 7. Bc4 Bb7 8. Bxd5 Bxd5 9. Nc3 Bxf3 10. Qxf3 Nc6 11. Qe4 Bb4 12. 0-0 Ne7 13. Bg5 Bxc3 14. Bxe7 Kxe7 15. bxc3 d5 16. exd6+ Qxd6 17. c4 Rhe8 18. Rfd1 f5 19. Qf3 Kf7 20. Rac1 Rad8 21. g3 g6 22. Qb3 Re7 23. a4 Red7 24. a5 bxa5 25. Qe3 Qb6 26. Rb1 Rxd4 27. Rxb6 Rxd1+ 28. Kg2 axb6 29. Qxb6 R1d7 30. Qxa5 Rc8 31. Qb5 Rdc7 32. h4 h6 33. Qa4 Rxc4 34. Qd7+ Kf6 35. Qh7 h5 36. Qd7 R4c6 37. f4 R6c7 38. Qd6 Kf7 39. Kh3 Re7 40. Kg2 Rce8 41. Qe5 Rd7 42. Kh3 Rc8 43. Qb5 Rdc7 44. Qd3 Ra8 45. Qd6 Rc4 46. Qd7+ Kf6 47. Qd6 Re4 48. Kg2 Re8 49. Qd7 Rf8 50. Qd6 Rf7 51. Kh3 Kg7 52. Kg2 Rb7 53. Kh3 Re2 54. Qd4+ e5 55. fxe5 Re7 56. Qc3 R2xe5 57. Qd4 Kh7 58. Qd6 Re3 59. Qd4 Rb3 60. Qc4 Ra3 61. Qf4 Rc3 62. Qd6 Rf7 63. Qe6 Rcc7 64. Qd6 Rc8 65. Qe5 Rcf8 66. Qf4 Re8 67. Qc4 Rfe7 68. Qf4 Re4 69. Qd6 R8e6 70. Qc7+ Re7 71. Qd6 f4 72. gxf4 Re2 0-1

[Event "AUT-chT2W 2122"]
[Site "Austria"]
[Date "2022.03.13"]
[Round "11.4"]
[White "Leeb, Simon"]
[Black "Reich, Thomas"]
[Result "1-0"]
[WhiteElo "2199"]
[BlackElo "2364"]
[PlyCount "61"]
[EventDate "2021.10.15"]
[EventType "team-tourn"]
[EventRounds "11"]
[EventCountry "AUT"]
[SourceTitle "EXT 2023"]
[Source "ChessBase"]
[SourceDate "2022.10.05"]
[SourceVersion "1"]
[SourceVersionDate "2022.10.05"]
[SourceQuality "1"]
[WhiteTeam "Salzburg Royal"]
[BlackTeam "Jenbach II"]
[WhiteTeamCountry "AUT"]
[BlackTeamCountry "AUT"]

1. d4 Nf6 2. c4 e6 3. Nc3 c5 4. e3 d5 5. Nf3 a6 6. dxc5 Bxc5 7. a3 0-0 8. b4 Ba7 9. Bb2 Nc6 10. Be2 dxc4 11. Bxc4 b5 12. Bd3 Bb7 13. Ne4 Nxe4 14. Bxe4 f5 15. Bc2 Qe7 16. 0-0 Rad8 17. Qe2 e5 18. Bb3+ Kh8 19. h4 Rd6 20. Rad1 e4 21. Ng5 Rh6 22. g3 f4 23. gxf4 Rxh4 24. Kg2 Rf5 25. Rg1 Rxg5+ 26. fxg5 Bc8 27. Kf1 Bb8 28. Qc2 Bh3+ 29. Ke1 Ne5 30. Bxe5 Bxe5 31. Qc5 1-0

[Event "BL2-Ost 2122"]
[Site "Germany"]
[Date "2022.03.05"]
[Round "1.7"]
[White "Liepold, Stefan"]
[Black "Reich, Thomas"]
[Result "0-1"]
[WhiteElo "2176"]
[BlackElo "2352"]
[PlyCount "82"]
[EventDate "2022.03.05"]
[EventType "team-tourn"]
[EventRounds "10"]
[EventCountry "GER"]
[SourceTitle "EXT 2023"]
[Source "ChessBase"]
[SourceDate "2022.10.05"]
[SourceVersion "1"]
[SourceVersionDate "2022.10.05"]
[SourceQuality "1"]
[WhiteTeam "Erlangen"]
[BlackTeam "Bayern Muenchen II"]
[WhiteTeamCountry "GER"]
[BlackTeamCountry "GER"]

1. e4 c5 2. Nf3 Nc6 3. d4 cxd4 4. Nxd4 g6 5. c4 Bg7 6. Be3 Nf6 7. Nc3 0-0 8. Be2 d6 9. Qd2 Bd7 10. f3 Nxd4 11. Bxd4 a5 12. 0-0 Bc6 13. Kh1 Nd7 14. Bxg7 Kxg7 15. Qd4+ Kg8 16. f4 Qb6 17. Qd2 Nc5 18. Bf3 a4 19. Rad1 Rfd8 20. g4 Qb4 21. Qd4 Ne6 22. Qe3 Qxc4 23. f5 Qc5 24. Qh6 Nf8 25. Nd5 Bxd5 26. exd5 a3 27. Be4 Qb4 28. Qf4 Ra4 29. Rde1 f6 30. b3 g5 31. Qc1 Raa8 32. Bf3 Rac8 33. Qe3 Rd7 34. Rc1 Rdc7 35. Rxc7 Rxc7 36. Be2 Qc3 37. Qe4 Qe5 38. Qxe5 fxe5 39. f6 exf6 40. Rxf6 Rc2 41. Bc4 Rxa2 0-1

[Event "Donau op 30th"]
[Site "Aschach"]
[Date "2021.12.27"]
[Round "3"]
[White "Plat, Vojtech"]
[Black "Reich, Thomas"]
[Result "1/2-1/2"]
[WhiteElo "2546"]
[BlackElo "2369"]
[PlyCount "45"]
[EventDate "2021.12.26"]
[EventType "swiss"]
[EventRounds "7"]
[EventCountry "AUT"]
[SourceTitle "EXT 2023"]
[Source "ChessBase"]
[SourceDate "2022.10.05"]
[SourceVersion "1"]
[SourceVersionDate "2022.10.05"]
[SourceQuality "1"]

1. e4 c5 2. Nf3 Nc6 3. Bb5 e6 4. 0-0 Nge7 5. Re1 a6 6. Bf1 d5 7. exd5 Nxd5 8. d4 Nf6 9. c3 cxd4 10. cxd4 Be7 11. Nc3 0-0 12. Bd3 Nb4 13. Bb1 b5 14. Bg5 Bb7 15. Ne5 Nbd5 16. Qd3 g6 17. Qf3 Rb8 18. Nxd5 Bxd5 19. Qh3 Nd7 20. Bxe7 Qxe7 21. Be4 Bxe4 22. Rxe4 Nxe5 23. dxe5 1/2-1/2

[Event "AUT-chT2W 2122"]
[Site "Austria"]
[Date "2021.10.15"]
[Round "1.2"]
[White "Hess, Max"]
[Black "Reich, Thomas"]
[Result "1/2-1/2"]
[WhiteElo "2415"]
[BlackElo "2364"]
[PlyCount "129"]
[EventDate "2021.10.15"]
[EventType "team-tourn"]
[EventRounds "11"]
[EventCountry "AUT"]
[SourceTitle "CBM 204 Extra"]
[Source "ChessBase"]
[SourceDate "2021.11.30"]
[SourceVersion "1"]
[SourceVersionDate "2021.11.30"]
[SourceQuality "1"]
[WhiteTeam "Schach ohne Grenzen"]
[BlackTeam "Jenbach II"]
[WhiteTeamCountry "AUT"]
[BlackTeamCountry "AUT"]

1. e4 c5 2. Nc3 Nc6 3. Bb5 Nd4 4. Nf3 e6 5. 0-0 a6 6. Bd3 Ne7 7. Nxd4 cxd4 8. Ne2 Nc6 9. c3 d5 10. cxd4 dxe4 11. Bxe4 Be7 12. Bxc6+ bxc6 13. d3 c5 14. dxc5 Bxc5 15. Be3 Be7 16. Rc1 0-0 17. Bc5 Bxc5 18. Rxc5 a5 19. Qd2 Qb6 20. Rfc1 Bd7 21. Qc3 Rfb8 22. Rc2 Ba4 23. Rg5 g6 24. b3 Be8 25. h4 a4 26. h5 Qb4 27. Qf6 Qf8 28. bxa4 Qg7 29. Qxg7+ Kxg7 30. hxg6 hxg6 31. a5 f5 32. f4 Rd8 33. Rg3 Rxa5 34. Re3 Rd6 35. Nc1 Ra4 36. g3 g5 37. fxg5 Rg4 38. Ne2 Rxg5 39. Nf4 Kf6 40. Rce2 Bd7 41. d4 Rxd4 42. Kf2 Rd6 43. Rd3 Rxd3 44. Nxd3 Bb5 45. Rd2 Bxd3 46. Rxd3 Rg4 47. Ra3 Rc4 48. Ra6 Ke5 49. a4 Rc2+ 50. Kf3 Rc3+ 51. Kg2 Ra3 52. a5 Kd5 53. Ra8 Ke4 54. a6 Ra2+ 55. Kh3 Kf3 56. a7 Ra4 57. Kh2 Ra1 58. Re8 Rxa7 59. Rxe6 Rh7+ 60. Kg1 Kxg3 61. Re3+ Kg4 62. Ra3 f4 63. Kf2 Rh2+ 64. Kf1 Rb2 65. Rc3 1/2-1/2

[Event "AUT-chT2W 2021"]
[Site "Austria"]
[Date "2020.10.09"]
[Round "1.3"]
[White "Hess, Max"]
[Black "Reich, Thomas"]
[Result "1-0"]
[WhiteElo "2378"]
[BlackElo "2377"]
[PlyCount "77"]
[EventDate "2020.10.09"]
[EventType "team-tourn"]
[EventRounds "11"]
[EventCountry "AUT"]
[SourceTitle "CBM 199 Extra"]
[Source "ChessBase"]
[SourceDate "2021.01.31"]
[SourceVersion "1"]
[SourceVersionDate "2021.01.31"]
[SourceQuality "1"]
[WhiteTeam "Schach ohne Grenzen"]
[BlackTeam "Jenbach II"]
[WhiteTeamCountry "AUT"]
[BlackTeamCountry "AUT"]

1. e4 c5 2. Nc3 Nc6 3. Bb5 Nd4 4. Nf3 a6 5. Bd3 g6 6. Rb1 d6 7. b4 cxb4 8. Rxb4 Nc6 9. Rb1 Nf6 10. Bb2 Bg7 11. Nd5 0-0 12. Nxf6+ exf6 13. 0-0 Be6 14. a4 Qd7 15. Be2 Ne5 16. Nd4 Qxa4 17. Nxe6 fxe6 18. c4 Qxd1 19. Rfxd1 Rac8 20. Bxe5 dxe5 21. Rxb7 Rf7 22. Rdb1 Rxb7 23. Rxb7 Rc6 24. h4 Bf8 25. d3 Bc5 26. g4 Rb6 27. Rc7 Bd4 28. h5 a5 29. h6 g5 30. c5 Rb8 31. c6 Bb6 32. Rg7+ Kh8 33. Bd1 Rc8 34. Rb7 Bd8 35. Ba4 Kg8 36. c7 Rxc7 37. Rb8 Kf7 38. Rxd8 Kg6 39. Bd7 1-0

[Event "AUT-chT2W 1920"]
[Site "Austria"]
[Date "2020.01.19"]
[Round "8.2"]
[White "Reich, Thomas"]
[Black "Atlas, Dimitry"]
[Result "1-0"]
[WhiteElo "2376"]
[BlackElo "2221"]
[PlyCount "56"]
[EventDate "2019.10.04"]
[EventType "team-tourn"]
[EventRounds "11"]
[EventCountry "AUT"]
[SourceTitle "CBM 195 Extra"]
[Source "ChessBase"]
[SourceDate "2020.05.31"]
[SourceVersion "1"]
[SourceVersionDate "2020.05.31"]
[SourceQuality "1"]
[WhiteTeam "Jenbach II"]
[BlackTeam "Hohenems II"]
[WhiteTeamCountry "AUT"]
[BlackTeamCountry "AUT"]

1. d4 d5 2. c4 c6 3. Nc3 Nf6 4. e3 e6 5. Nf3 Nbd7 6. Qc2 Bd6 7. Be2 dxc4 8. Bxc4 b5 9. Be2 Qc7 10. 0-0 0-0 11. e4 e5 12. dxe5 Nxe5 13. Nxe5 Bxe5 14. f4 Bd4+ 15. Kh1 Qb6 16. e5 Nd5 17. Nxd5 cxd5 18. Bd3 h6 19. Qe2 Bd7 20. Bd2 b4 21. Rad1 Rfe8 22. Qf3 Bb5 23. Qe2 Bxd3 24. Qxd3 Bxb2 25. Be3 d4 26. Bg1 Bc3 27. f5 Qc5 28. Qf3 Qf8 1-0

[Event "AUT-chT2W 1920"]
[Site "Austria"]
[Date "2020.01.18"]
[Round "7.2"]
[White "Reich, Thomas"]
[Black "Besner, Bernhard"]
[Result "1/2-1/2"]
[WhiteElo "2376"]
[BlackElo "2155"]
[PlyCount "91"]
[EventDate "2019.10.04"]
[EventType "team-tourn"]
[EventRounds "11"]
[EventCountry "AUT"]
[SourceTitle "CBM 195 Extra"]
[Source "ChessBase"]
[SourceDate "2020.05.31"]
[SourceVersion "1"]
[SourceVersionDate "2020.05.31"]
[SourceQuality "1"]
[WhiteTeam "Jenbach II"]
[BlackTeam "Salzburg ASK"]
[WhiteTeamCountry "AUT"]
[BlackTeamCountry "AUT"]

1. d4 d5 2. c4 e6 3. cxd5 exd5 4. Nc3 c5 5. Nf3 Nf6 6. Bg5 Be6 7. g3 Nc6 8. Bg2 c4 9. Ne5 Be7 10. 0-0 0-0 11. e3 Nd7 12. Bxe7 Nxe7 13. b3 Nxe5 14. dxe5 Qa5 15. Qe1 Rad8 16. Ne2 Qc7 17. f4 Nf5 18. Qf2 Qb6 19. Nd4 a6 20. Rad1 Nxd4 21. Rxd4 g6 22. h3 cxb3 23. Qb2 Rc8 24. axb3 Rc4 25. Rf2 Rb4 26. Rxb4 Qxb4 27. Qd4 Qe1+ 28. Bf1 Bxh3 29. Qd2 Qxd2 30. Rxd2 Be6 31. Bg2 Rc8 32. Bxd5 Bxd5 33. Rxd5 Rc3 34. Rd8+ Kg7 35. Rd7 Rxb3 36. e6 Rxe3 37. Rxf7+ Kg8 38. Rxb7 Rxe6 39. Kf2 Rf6 40. Ra7 g5 41. Ke3 gxf4+ 42. gxf4 h5 43. Kf3 Rg6 44. f5 Rg5 45. Rxa6 Rxf5+ 46. Kg3 1/2-1/2

[Event "AUT-chT2W 1920"]
[Site "Austria"]
[Date "2019.10.05"]
[Round "2.2"]
[White "Kondrak, Christof"]
[Black "Reich, Thomas"]
[Result "0-1"]
[WhiteElo "2085"]
[BlackElo "2376"]
[PlyCount "136"]
[EventDate "2019.10.04"]
[EventType "team-tourn"]
[EventRounds "11"]
[EventCountry "AUT"]
[SourceTitle "CBM 192 Extra"]
[Source "Chessbase"]
[SourceDate "2019.11.06"]
[SourceVersion "1"]
[SourceVersionDate "2019.11.06"]
[SourceQuality "1"]
[WhiteTeam "Rochade Rum"]
[BlackTeam "Jenbach II"]
[WhiteTeamCountry "AUT"]
[BlackTeamCountry "AUT"]

1. d4 Nf6 2. c4 e6 3. a3 d5 4. cxd5 exd5 5. Nc3 c6 6. Nf3 Nbd7 7. Bf4 Nh5 8. Bg5 Be7 9. Bxe7 Qxe7 10. e3 0-0 11. Bd3 Nf4 12. 0-0 Nxd3 13. Qxd3 Nb6 14. Rfe1 g6 15. e4 dxe4 16. Qxe4 Qxe4 17. Rxe4 Be6 18. Ng5 Bd7 19. Re7 Rfe8 20. Rae1 Rxe7 21. Rxe7 h6 22. Nf3 Kf8 23. Re1 Bf5 24. h3 g5 25. b4 Rd8 26. b5 cxb5 27. Re5 Bd3 28. Rc5 a6 29. Ne5 Rxd4 30. Rc7 Bc4 31. Rxb7 Nd5 32. Nxd5 Bxd5 33. Rb6 Re4 34. Nd7+ Kg7 35. Nc5 Re7 36. Nxa6 Re1+ 37. Kh2 Bc4 38. Nc7 Rb1 39. Ne8+ Kf8 40. Nd6 Bd3 41. Rb7 f5 42. Rf7+ Kg8 43. Rf6 f4 44. Nf5 Bxf5 45. Rxf5 Kg7 46. h4 Kg6 47. Rf8 b4 48. Rb8 gxh4 49. Rb6+ Kg5 50. Rb5+ Kf6 51. Kh3 Ke6 52. Kxh4 Kd6 53. Kg4 Kc6 54. Rb8 Kc5 55. Kxf4 Re1 56. Rc8+ Kd4 57. Rd8+ Kc3 58. Rd6 b3 59. Rxh6 b2 60. Rb6 b1Q 61. Rxb1 Rxb1 62. g4 Kd4 63. Kf5 Kd5 64. f4 Kd6 65. Kf6 Rb2 66. Kg5 Ke6 67. f5+ Kf7 68. Kh5 Kf6 0-1

[Event "St Veit op 38th"]
[Site "St Veit"]
[Date "2019.07.08"]
[Round "4"]
[White "Reich, Thomas"]
[Black "Trussevich, Sergey"]
[Result "1-0"]
[WhiteElo "2350"]
[BlackElo "2239"]
[PlyCount "117"]
[EventDate "2019.07.06"]
[EventType "swiss"]
[EventRounds "9"]
[EventCountry "AUT"]
[SourceTitle "EXT 2020"]
[Source "ChessBase"]
[SourceDate "2019.10.17"]
[SourceVersion "1"]
[SourceVersionDate "2019.10.17"]
[SourceQuality "1"]

1. d4 d5 2. Nf3 Nf6 3. c4 e6 4. Nc3 c5 5. e3 Nc6 6. a3 Ne4 7. Qc2 Nxc3 8. Qxc3 cxd4 9. exd4 Be7 10. c5 0-0 11. Bb5 Bf6 12. Bxc6 bxc6 13. 0-0 a5 14. b3 a4 15. b4 Ba6 16. Re1 Qb8 17. h4 Qb5 18. Bg5 Bd8 19. Bxd8 Raxd8 20. Re3 Rfe8 21. Rae1 Bc8 22. h5 f6 23. h6 g6 24. g4 g5 25. Nxg5 e5 26. Nf3 e4 27. Nd2 Qb8 28. Rg3 Kf7 29. Nf1 Rg8 30. f3 f5 31. fxe4 fxe4 32. Nh2 Ke7 33. Rf1 Ba6 34. Rf5 Rdf8 35. Rxf8 Qxf8 36. Qe3 Rg6 37. g5 Qf5 38. Nf3 Rg8 39. Nh4 Qf1+ 40. Kh2 Rf8 41. g6 Rf2+ 42. Rg2 Rxg2+ 43. Nxg2 Qf5 44. gxh7 Qxh7 45. Qg5+ Kf7 46. Kg3 Qg6 47. Kf4 Bf1 48. Ne3 Qxg5+ 49. Kxg5 Bh3 50. Kf4 Bc8 51. b5 cxb5 52. Nxd5 Kg6 53. Nc3 b4 54. axb4 a3 55. d5 Bd7 56. c6 e3 57. Kxe3 Bf5 58. b5 Kxh6 59. b6 1-0

[Event "Oberliga Bayern 1819"]
[Site "Bayern"]
[Date "2019.02.03"]
[Round "6.7"]
[White "Brem, Stephan"]
[Black "Reich, Thomas"]
[Result "0-1"]
[WhiteElo "2099"]
[BlackElo "2360"]
[PlyCount "80"]
[EventDate "2018.10.21"]
[EventType "team-tourn"]
[EventRounds "9"]
[EventCountry "GER"]
[SourceTitle "EXT 2020"]
[Source "ChessBase"]
[SourceDate "2019.10.17"]
[SourceVersion "1"]
[SourceVersionDate "2019.10.17"]
[SourceQuality "1"]
[WhiteTeam "Muenchen Suedost"]
[BlackTeam "Bayern Muenchen II"]
[WhiteTeamCountry "GER"]
[BlackTeamCountry "GER"]

1. Nc3 g6 2. h4 h5 3. e4 c5 4. d4 cxd4 5. Qxd4 Nf6 6. Bg5 Nc6 7. Qd2 Bg7 8. Nf3 d6 9. Bc4 Bd7 10. Rd1 Rc8 11. Bb3 b5 12. Bxf6 Bxf6 13. Nxb5 Bg4 14. c3 Qb6 15. Nxd6+ exd6 16. Qf4 Be7 17. Bxf7+ Kd7 18. e5 Rcf8 19. 0-0 Bxf3 20. e6+ Kc7 21. Qxf3 Ne5 22. Qe4 Rh7 23. Rd4 Rg7 24. Rb4 Qc6 25. Qd4 Qc5 26. Qe4 Rb8 27. Rd1 Qc6 28. Qd4 Qc5 29. Rxb8 Kxb8 30. Qf4 g5 31. Qa4 Qc6 32. Qb3+ Qb6 33. Qa4 gxh4 34. Rd5 h3 35. g3 Rxg3+ 36. Kh1 Nf3 37. Qe8+ Bd8 38. Qxd8+ Qxd8 39. Rb5+ Kc7 40. fxg3 Qf6 0-1

[Event "Donau op 27th"]
[Site "Aschach"]
[Date "2018.12.31"]
[Round "7"]
[White "Reich, Thomas"]
[Black "Frank, Emanuel"]
[Result "1/2-1/2"]
[WhiteElo "2348"]
[BlackElo "2183"]
[PlyCount "121"]
[EventDate "2018.12.26"]
[EventType "swiss"]
[EventRounds "7"]
[EventCountry "AUT"]
[SourceTitle "CBM 188 Extra"]
[Source "ChessBase"]
[SourceDate "2019.02.26"]
[SourceVersion "1"]
[SourceVersionDate "2019.02.26"]
[SourceQuality "1"]

1. d4 d5 2. c4 e6 3. Nc3 Be7 4. e4 dxe4 5. Nxe4 Nf6 6. Nc3 c5 7. d5 exd5 8. cxd5 0-0 9. Nf3 Re8 10. Be2 a6 11. a4 b6 12. 0-0 Ra7 13. Bc4 Bd6 14. Bg5 h6 15. Bh4 g5 16. Bg3 Bf5 17. Qd2 Ne4 18. Nxe4 Bxe4 19. Ra3 Bxg3 20. hxg3 Bxf3 21. gxf3 Nc6 22. Kg2 Nd4 23. Rh1 Qf6 24. b4 a5 25. bxc5 bxc5 26. Rf1 Kg7 27. Re3 Rb8 28. Bb5 Qd6 29. Bc4 Rb4 30. Rc1 Rab7 31. Re4 Re7 32. Qe3 Reb7 33. f4 Rxc4 34. Rxc4 Qxd5 35. Rcxd4 cxd4 36. Qxd4+ Qxd4 37. Rxd4 Rb4 38. Rd5 Rxa4 39. fxg5 hxg5 40. Rxg5+ Kf6 41. f4 Ra1 42. Kf3 Ke6 43. Kg4 Kf6 44. Rb5 Ra4 45. Rb6+ Kg7 46. Ra6 Ra3 47. Kh4 f5 48. Kg5 Rxg3+ 49. Kxf5 Rb3 50. Rxa5 Rb6 51. Ra7+ Kf8 52. Kg5 Rc6 53. f5 Rb6 54. Rh7 Kg8 55. Re7 Kf8 56. Re6 Rxe6 57. fxe6 Ke7 58. Kf5 Ke8 59. Kf6 Kf8 60. e7+ Ke8 61. Ke6 1/2-1/2